000 00521nam a2200181 b 4500
003 OSt
005 20150213152205.0
008 050415s1989 slv spa
040 _aSpMaBN
_bspa
_cBMC
_erdc
082 _a861
100 1 _aSanz, María
_929858
245 1 0 _aTrasluz
_cMaría Sanz
260 _aToledo
_bServicio de Publicaciones de la Junta de Comunidades de Castilla-La Mancha
_c1989
300 _a96 p.
_c21 cm
490 _aCreación literaria
_v15
650 2 4 _9357
_aPoesía española
942 _2ddc
_cBK
999 _c17056
_d17056